Quizzes
Events
Quiz Creation
Community
Videos
Private Events
Remove Ads
Sign In
Join for FREE
Feedback
Dark Mode
Quiz Categories
Sports
Geography
Music
Movies
Television
Just For Fun
Miscellaneous
History
Literature
Language
Science
Gaming
Entertainment
Religion
Holiday
For Kids
Quiz Lab
Recent
Popular Today
Quiz Kudos Today
Editor Picks
Curator Picks
Quizzes by...
Day
Popularity
Type
Ratings
Length
Year
Community
Subscriptions
Recent Discussions
Orange Saloon
Badges
Playlists
Quests
Create
Leaderboards
Showdown
Live 5
Trivia Bingo
Activity
Puzzle Library
Sporcle Events
Private Events
Virtual Trivia
Globe League
Become a Host
Pub Owners
SporcleCon
Opinionation
Our Games
Videos
Blog
Mobile Apps
Partnerships
Remove Ads and Go Orange
Feedback
Sports
Athletes
MLB
NBA
NHL
NFL
Soccer
Sports Teams
WWE
NCAA
Football
Premier League
Basketball
Baseball
Hockey
Golf
Tennis
Cricket
Rugby
Auto Racing
Olympics
World Cup
Sports
Athletes
MLB
NBA
NHL
NFL
Soccer
Sports Teams
WWE
NCAA
Football
Premier League
Basketball
Baseball
Hockey
Golf
Tennis
Cricket
Rugby
Auto Racing
Olympics
World Cup
Random Quiz
Search Sporcle
×
Quiz Lab
Quiz Lab
Sports
NHL
Type in answers that appear in a list
Type in answers that appear in a list
Classic
Best Score? Go Orange.
NHL 2010-11 Statistics Leaders By Team Stats
Can you name the NHL 2010-11 Statistics Leaders By Team?
By
Meneses27
10m
150 Questions
177 Plays
177 Plays
177 Plays
Comments
Comments
Give Quiz Kudos
Give Quiz Kudos
-
- Ratings
hide this ad
Replay
Link that replays current quiz
Next Quiz
Link to next quiz in quiz playlist
You Got
0%
They Got
Avg Score
47%
Avg Friend Score
Upgrade to see
Score Distribution
Jump to the score distribution portion of the page
Score
0/150
Timer
10:00
0
Plays Today
Statistic
Player
% Correct
Anaheim Ducks
Ryan Getzlaf
92.1%
Anaheim Ducks
Corey Perry
91.5%
Washington Capitals
Alexander Ovechkin or Nicklas Backstrom
89.3%
Calgary Flames
Jarome Iginla
88.1%
Boston Bruins
Tim Thomas
88.1%
Chicago Blackhawks
Patrick Kane
87%
Columbus Blue Jackets
Rick Nash
85.9%
Columbus Blue Jackets
Rick Nash
85.9%
Carolina Hurricanes
Eric Staal
84.7%
Buffalo Sabres
Ryan Miller
84.7%
Carolina Hurricanes
Eric Staal
84.7%
Boston Bruins
Shawn Thornton
83.6%
Detroit Red Wings
Henrik Zetterberg
83.6%
San Jose Sharks
Joe Thornton
83.6%
Anaheim Ducks
Jonas Hiller
83.1%
Carolina Hurricanes
Cam Ward
81.9%
Chicago Blackhawks
Patrick Sharp
80.2%
Pittsburgh Penguins
Sidney Crosby or Alex Goligoski
80.2%
Pittsburgh Penguins
Sidney Crosby
79.7%
New Jersey Devils
Ilya Kovalchuk
79.1%
Washington Capitals
Alexander Ovechkin
78.5%
Washington Capitals
Alexander Ovechkin
78.5%
Vancouver Canucks
Daniel Sedin or Ryan Kesler
76.8%
Minnesota Wild
Niklas Backstrom
76.8%
Los Angeles Kings
Anze Kopitar
76.3%
Los Angeles Kings
Anze Kopitar
76.3%
Detroit Red Wings
Jimmy Howard
76.3%
Montreal Canadiens
Carey Price
76.3%
Vancouver Canucks
Henrik Sedin
76.3%
Buffalo Sabres
Thomas Vanek
75.7%
Boston Bruins
Zdeno Chara
75.7%
Buffalo Sabres
Thomas Vanek
75.7%
Los Angeles Kings
Jonathan Quick
75.1%
Calgary Flames
Miikka Kiprusoff
74%
Ottawa Senators
Jason Spezza
72.9%
Ottawa Senators
Jason Spezza
72.9%
New Jersey Devils
Martin Brodeur
72.9%
Phoenix Coyotes
Shane Doan
72.3%
Los Angeles Kings
Dustin Brown
71.8%
Tampa Bay Lightning
Steven Stamkos
71.8%
New York Islanders
John Tavares
71.8%
Philadelphia Flyers
Jeff Carter
71.2%
Chicago Blackhawks
Corey Crawford
71.2%
San Jose Sharks
Patrick Marleau
70.6%
Vancouver Canucks
Roberto Luongo
70.6%
Colorado Avalanche
Matt Duchene or David Jones
70.1%
Tampa Bay Lightning
Martin St. Louis
70.1%
Pittsburgh Penguins
Marc-Andre Fleury
70.1%
Minnesota Wild
Mikko Koivu
70.1%
Boston Bruins
Milan Lucic
69.5%
Statistic
Player
% Correct
Boston Bruins
David Krejci
69.5%
New York Rangers
Henrik Lundqvist
69.5%
Nashville Predators
Pekka Rinne
67.8%
Colorado Avalanche
Matt Duchene or John-Michael Liles
67.8%
Edmonton Oilers
Taylor Hall
67.2%
Detroit Red Wings
Johan Franzen
66.7%
Columbus Blue Jackets
Steve Mason
66.7%
San Jose Sharks
Antti Niemi
66.7%
Toronto Maple Leafs
Phil Kessel
65.5%
New Jersey Devils
Patrik Elias
64.4%
Phoenix Coyotes
Ilya Bryzgalov
63.8%
Philadelphia Flyers
Claude Giroux
63.3%
Florida Panthers
Tomas Vokoun
61%
Atlanta Thrashers
Andrew Ladd
59.9%
Atlanta Thrashers
Dustin Byfuglien
59.9%
Montreal Canadiens
Brian Gionta
59.3%
Tampa Bay Lightning
Dwayne Roloson
57.1%
Dallas Stars
Kari Lehtonen
55.9%
Dallas Stars
Brenden Morrow
55.4%
Dallas Stars
Mike Ribeiro
55.4%
Pittsburgh Penguins
Kris Letang
53.7%
Florida Panthers
Stephen Weiss
52.5%
Atlanta Thrashers
Ondrej Pavelec
52%
Edmonton Oilers
Ales Hemsky
52%
Ottawa Senators
Brian Elliott
52%
Philadelphia Flyers
Sergei Bobrovsky
52%
St. Louis Blues
David Backes
48.6%
St. Louis Blues
David Backes
48.6%
Montreal Canadiens
PK Subban
48.6%
Calgary Flames
Alex Tanguay
47.5%
Dallas Stars
Loui Eriksson
47.5%
St. Louis Blues
Jaroslav Halak
47.5%
Toronto Maple Leafs
James Reimer
45.8%
Colorado Avalanche
Peter Budaj
45.8%
Nashville Predators
Ryan Suter
45.2%
Nashville Predators
Ryan Suter
45.2%
Florida Panthers
David Booth
44.6%
New York Islanders
Michael Grabner or Frans Nielsen
43.5%
New York Islanders
Michael Grabner
42.9%
New York Rangers
Brandon Dubinsky
42.9%
New York Rangers
Brandon Dubinsky
42.9%
Atlanta Thrashers
Bryan Little
42.4%
Edmonton Oilers
Devan Dubnyk
41.8%
Anaheim Ducks
George Parros
39%
Minnesota Wild
Martin Havlat
39%
Edmonton Oilers
Ryan Whitney
39%
Washington Capitals
Michal Neuvirth
37.9%
Ottawa Senators
Chris Neil
37.9%
Phoenix Coyotes
Keith Yandle
36.7%
Atlanta Thrashers
Tobias Enstrom
33.9%
Statistic
Player
% Correct
Nashville Predators
Sergei Kostitsyn
33.9%
Dallas Stars
Steve Ott
33.9%
New York Rangers
Sean Avery
29.9%
Vancouver Canucks
Kevin Bieksa
29.4%
Toronto Maple Leafs
Colton Orr
28.2%
Philadelphia Flyers
Scott Hartnell
27.1%
New York Islanders
Al Montoya
25.4%
Chicago Blackhawks
Brian Campbell
24.3%
Toronto Maple Leafs
Clarke Macarthur
23.7%
New York Islanders
Zenon Konopka
20.3%
Anaheim Ducks
Toni Lydman
19.2%
Toronto Maple Leafs
Mikhail Grabovski
19.2%
Columbus Blue Jackets
Derek Dorsett
15.8%
Philadelphia Flyers
Andrej Meszaros or Matt Carle
15.8%
Tampa Bay Lightning
Steve Downie
15.8%
Tampa Bay Lightning
Steve Downie
15.8%
St. Louis Blues
Alex Pietrangelo
14.7%
New Jersey Devils
David Clarkson
14.7%
Pittsburgh Penguins
Matt Cooke
14.1%
Chicago Blackhawks
John Scott
11.9%
Detroit Red Wings
Jonathan Ericsson
11.3%
Vancouver Canucks
Raffi Torres
10.7%
Carolina Hurricanes
Tim Gleason
10.7%
Los Angeles Kings
Kyle Clifford
10.2%
Montreal Canadiens
James Wisniewski
9.6%
Colorado Avalanche
Cody McLeod
9%
Detroit Red Wings
Justin Abdelkader
8.5%
Carolina Hurricanes
Brandon Sutter
8.5%
Edmonton Oilers
Theo Peckham
7.9%
Calgary Flames
Tim Jackman
7.9%
Buffalo Sabres
Steve Montador
7.9%
New York Rangers
Michael Sauer
6.8%
St. Louis Blues
BJ Crombeen
6.2%
Buffalo Sabres
Cody McCormick
5.6%
Montreal Canadiens
Jaroslav Spacek
5.1%
San Jose Sharks
Jamal Mayers
5.1%
Florida Panthers
Chris Higgins
4.5%
Nashville Predators
Shane O'Brien
4%
Phoenix Coyotes
Paul Bissonnette
4%
New Jersey Devils
Mark Fayne
4%
Florida Panthers
Darcy Hordichuk
4%
Phoenix Coyotes
Adrian Aucoin
3.4%
Minnesota Wild
Brad Staubitz
3.4%
Washington Capitals
Matt Hendricks
2.3%
Ottawa Senators
David Hale
2.3%
San Jose Sharks
Jason Demers
1.7%
Calgary Flames
Anton Babchuk
1.1%
Minnesota Wild
Clayton Stoner
1.1%
Columbus Blue Jackets
Derek MacKenzie
0.6%
Colorado Avalanche
Greg Mauldin
0%
Quiz Playlist
Details
Report
Send in Message
Add To Playlist
Classic:
Type in answers that appear in a list
Last Updated: Feb 16, 2017
Quiz Scoreboard
CHALLENGE
Sign Up to Join the Scoreboard
Show All
Scores
Hide
Comments
May contain spoilers
Recently Published
Presidents Visiting Landmarks
by Hejman
History
7m
An Introduction to Baseball
by treessimontrees
Sports
5m
Movies - When Are They Set?
by FPL_Elf
Movies
5m
More to Explore
Quiz From the Vault
Featured Blog Post
Where Did the Easter Bunny Come From?
hide this ad
You Might Also Like...
Tags
NHL Quiz
Player
statistic
team
total
Today's Top Quizzes in Sports
Browse Sports
hide this ad
Today's Top Quizzes in NHL
Browse NHL
Top Contributed Quizzes in Sports
1
Les meilleurs buteurs des matchs entre le PSG et l’OM
2
2022 World Cup Stars
3
FIFA Club World Cup Champions
4
Les entraîneurs de l'OM et du PSG au 21e siècle
5
Name the Premier League winners with different clubs
6
La finale Lions - Afrique du Sud 2021
7
5-to-1: UK Sports Teams
8
England Test cricketers to play under Nasser Hussain
9
Players with Multiple 50 Home Run Seasons
10
AFC Teams Reveal (Wrong Answers Minefield)
Explore More
Trending Topics
Crossword
Anime
NBA
Disney
Kpop
Harry Potter
Marvel
Country
Puzzle
Soccer
The Office
Song
NFL
Pokémon
WWE
hide this ad
More By:
Meneses27
Quiz
Plays
Rating
Category
Featured
Created
Top 30 Football (Soccer) Strikers
517
5.00
Sports
Jul 12, 2011
2000s NHL points leaders if the previous ones retired
341
4.43
Sports
Jun 20, 2011
NHL 2000s wins leaders if previous players retired
223
5.00
Sports
Jun 22, 2011
NHL Active Goalie Win Leaders (as of June 20th 2011)
179
5.00
Sports
Jun 20, 2011
NHL 2010-11 Statistics Leaders By Team
177
5.00
Sports
Jun 21, 2011
Go to Creator's Profile
Score Distribution
Quiz Creator Spotlight
Meneses27
Follow
Send a Message
Quizzes Created
-
Created Quiz Play Count
-
More By This Creator
Popular Quizzes Today
1
Find the US States - No Outlines Minefield
2
Find the Countries of Europe - No Outlines Minefield
3
The Countries of the World
4
Find the US States
5
Popular People in 1961
6
US States
7
Risky Map Clicking: Biggest States A-Z
8
1-10 Letter E Words III
More Sports Quizzes
2001 NBA Champions - Los Angeles Lakers
Quiz Lab
Trending Quizzes
Risky Map Clicking: Least Populous States A-Z
1-10 Letter G Words
1-10 Letter F Words
One Thing in Common: United Kingdom
Risky Map Clicking: Next State Alphabetically
Recently Updated
Leaping Animals
pecheneg
Reality TV Shows (A-Z)
bhenderson79
Rickey Henderson's Hall of Fame Teammates
pecheneg
Champions League XIs: Arsenal
pecheneg
Quick Pick: Celebrities in WWE's Hall of Fame
aduchscher
A-Z Keypad Blitz II
pecheneg
Multiple Oscar Actors
pecheneg
Mystery Phrase Blitz: Oscar 'Best Actors'
pecheneg
F. Scott Fitzgerald Novels
LTH
Pick 3 Villains
ddd62291
Trending Topics
Anime
Harry Potter
Disney
Marvel
Crossword
Kpop
NBA
The Office
Soccer
Puzzle
Song
Pokémon
NFL
Country
WWE
Your Account Isn't Verified!
In order to create a playlist on Sporcle, you need to verify the email address you used during registration. Go to your
Sporcle Settings
to finish the process.
Report this User
Report this user for behavior that violates our
Community Guidelines
.
Details:
Send Report
Go to the Sporcle.com Mobile Site →
Comments